| Tag |
First Indicator |
Second Indicator |
Subfields |
| LEADER |
00000nam a2200000Ia 4500 |
| 001 |
in00004182721 |
| 005 |
20200807084524.0 |
| 006 |
m g d |
| 007 |
cr bn |||a|bb| |
| 008 |
061013s1579 enka o 000 0 eng d |
| 035 |
|
|
|a (OCoLC)72798987
|
| 040 |
|
|
|a UMI
|c UMI
|e dcrb
|
| 037 |
|
|
|a CL0036000076
|b ProQuest Information and Learning. 300 N. Zeeb Rd., Ann Arbor, MI 48106
|
| 043 |
|
|
|a e-uk-en
|a e-uk---
|a e-ne---
|
| 090 |
|
|
|a DA350.E54
|b 1579
|
| 049 |
|
|
|a UMIA
|
| 110 |
1 |
|
|a England and Wales.
|b Sovereign (1558-1603 : Elizabeth I)
|
| 245 |
1 |
0 |
|a By the Queene. :
|b Whereas by the auncient treaties of entrecourses, which from time to time haue bene renewed betweene the Queenes Maiestie our moste gratious soueraigne lady, and diuers of her highnes most noble progenitours, kings of this realme, and the princes and lordes of the lowe countries ...
|
| 260 |
|
|
|a Imprinted at London :
|b By Christopher Barker, Printer to the Queenes Maiestie.,
|c [1579].
|
| 300 |
|
|
|a 1 online resource (1 sheet ([1] pages) :
|b illustrations.
|
| 336 |
|
|
|a text
|b txt
|2 rdacontent
|
| 337 |
|
|
|a computer
|b c
|2 rdamedia
|
| 338 |
|
|
|a online resource
|b cr
|2 rdacarrier
|
| 500 |
|
|
|a Caption title and first four lines of text.
|
| 500 |
|
|
|a Includes initial at beginning of text.
|
| 500 |
|
|
|a A proclamation for setting aside certain wool for export.
|
| 500 |
|
|
|a Reproduction of original in: British Library.
|
| 510 |
4 |
|
|a STC (2nd edition)
|c 8110
|
| 533 |
|
|
|a Electronic reproduction.
|b Ann Arbor, Mich. :
|c UMI,
|d 1999-
|f (Early English books online)
|n Digital version of: (Early English books, 1475-1640 ; 2222:11)
|7 s1999 miun s
|
| 650 |
|
0 |
|a Wool industry
|z England
|v Early works to 1800.
|
| 651 |
|
0 |
|a Great Britain
|x Foreign relations
|z Netherlands
|v Early works to 1800.
|
| 651 |
|
0 |
|a Netherlands
|x Foreign relations
|z Great Britain
|v Early works to 1800.
|
| 651 |
|
0 |
|a Great Britain
|x History
|y Elizabeth, 1558-1603
|v Sources.
|
| 655 |
|
7 |
|a Broadsides
|z England
|y 16th century.
|2 rbgenr
|
| 700 |
1 |
|
|a Elizabeth
|b I,
|c Queen of England,
|d 1533-1603.
|
| 830 |
|
0 |
|a Early English books online.
|
| 856 |
4 |
0 |
|u http://proxy.library.tamu.edu/login?url=https://search.proquest.com/docview/2248534327
|z Connect to the full text of this electronic book
|t 0
|
| 994 |
|
|
|a 02
|b UMI
|
| 999 |
f |
f |
|s fa007949-6771-3204-8563-ce171bd81baf
|i 20d888ac-c591-39a9-b36c-e8ab1f054c8a
|t 0
|
| 952 |
f |
f |
|a Texas A&M University
|b College Station
|c Electronic Resources
|d Available Online
|t 0
|e DA350.E54 1579
|h Library of Congress classification
|
| 998 |
f |
f |
|a DA350.E54 1579
|t 0
|l Available Online
|